|
|
|
|
| LEADER |
02133nam a2200433 a 4500 |
| 001 |
EBC1207535 |
| 003 |
MiAaPQ |
| 005 |
20200520144314.0 |
| 006 |
m o d | |
| 007 |
cr cn||||||||| |
| 008 |
121026s2013 enka sb 001 0deng d |
| 010 |
|
|
|z 2012043170
|
| 020 |
|
|
|z 9780415483476 (hbk)
|
| 020 |
|
|
|a 9780203520215 (electronic bk.)
|
| 035 |
|
|
|a (MiAaPQ)EBC1207535
|
| 035 |
|
|
|a (Au-PeEL)EBL1207535
|
| 035 |
|
|
|a (CaPaEBR)ebr10717447
|
| 035 |
|
|
|a (CaONFJC)MIL494995
|
| 035 |
|
|
|a (OCoLC)849246497
|
| 040 |
|
|
|a MiAaPQ
|c MiAaPQ
|d MiAaPQ
|
| 050 |
|
4 |
|a HB171
|b .B634 2013
|
| 082 |
0 |
4 |
|a 330
|2 23
|
| 100 |
1 |
|
|a Boulding, Kenneth E.
|q (Kenneth Ewart),
|d 1910-1993.
|
| 245 |
1 |
0 |
|a Interdisciplinary economics
|h [electronic resource] :
|b Kenneth E. Boulding's engagement in the sciences /
|c edited by Wilfred Dolfsma and Stefan Kesting.
|
| 260 |
|
|
|a Abingdon [England] :
|b Routledge,
|c 2013.
|
| 300 |
|
|
|a xxv, 604 p. :
|b ill.
|
| 490 |
1 |
|
|a Routledge studies in the history of economics ;
|v 155
|
| 504 |
|
|
|a Includes bibliographical references and index.
|
| 505 |
0 |
|
|a pt. 1. Introduction -- pt. 2. Systems theory -- pt. 3. Unity of social sciences -- pt. 4. Economics and morality -- pt. 5. Communication/persuasion -- pt. 6. Power theory -- pt. 7. Evolutionary economics -- pt. 8. Institutions/institutional economics -- pt. 9. Spaceship earth (ecological economics) -- pt. 10. Cultural economics -- pt. 11. Grants economics -- pt. 12. Conflict resolution, peace -- pt. 13. Teaching economics -- pt. 14. The future of economics.
|
| 533 |
|
|
|a Electronic reproduction. Ann Arbor, MI : ProQuest, 2015. Available via World Wide Web. Access may be limited to ProQuest affiliated libraries.
|
| 600 |
1 |
0 |
|a Boulding, Kenneth E.
|q (Kenneth Ewart),
|d 1910-1993.
|
| 650 |
|
0 |
|a Economics.
|
| 650 |
|
0 |
|a Social sciences.
|
| 655 |
|
4 |
|a Electronic books.
|
| 700 |
1 |
|
|a Dolfsma, Wilfred.
|
| 700 |
1 |
|
|a Kesting, Stefan,
|d 1965-
|
| 710 |
2 |
|
|a ProQuest (Firm)
|
| 830 |
|
0 |
|a Routledge studies in the history of economics ;
|v 155.
|
| 856 |
4 |
0 |
|u https://ebookcentral.proquest.com/lib/matrademy/detail.action?docID=1207535
|z Click to View
|